Etnografía (Record no. 155620)

MARC details
000 -LEADER
campo de control de longitud fija 00892nam a22002175i 4500
001 - NÚMERO DE CONTROL
campo de control 155620
003 - IDENTIFICADOR DE NÚMERO DE CONTROL
campo de control ES-MaACL
005 - FECHA Y HORA DE LA ÚLTIMA TRANSACCIÓN
campo de control 20250727021741.0
008 - DATOS DE LONGITUD FIJA--INFORMACIÓN GENERAL
campo de control de longitud fija 970901s1900 sp |||| | spa d
040 ## - FUENTE DE CATALOGACIÓN
Centro catalogador/agencia de origen CYL
Lengua de catalogación spa
Centro/agencia transcriptor CYL
100 1# - ENTRADA PRINCIPAL--NOMBRE DE PERSONA
Nombre de persona Hoyos Sáinz, Luis de,
Fechas asociadas al nombre 1868-1951
9 (RLIN) 64437
245 10 - MENCIÓN DEL TÍTULO
Título Etnografía
Resto del título : clasificaciones, prehistoria y razas americanas /
Mención de responsabilidad, etc. por Luis de Hoyos Sáinz.
250 ## - MENCION DE EDICION
Mención de edición 2ª ed., aum. y corr.
260 ## - PUBLICACIÓN, DISTRIBUCIÓN, ETC.
Lugar de publicación, distribución, etc. Madrid :
Nombre del editor, distribuidor, etc. Romo y Füssel, libreros editores,
Fecha de publicación, distribución, etc. 1900 (
Fabricante Imprenta del Asilo de Huérfanos del S.C. de Jesús)
300 ## - DESCRIPCIÓN FÍSICA
Extensión 375 p. ;
Dimensiones 19 cm.
490 1# - MENCIÓN DE SERIE
Mención de serie Lecciones de antropología ;
Designación de volumen o secuencia 3
650 #7 - PUNTO DE ACCESO ADICIONAL DE MATERIA--TÉRMINO DE MATERIA
Término de materia o nombre geográfico como elemento de entrada Antropología cultural y social
Fuente del encabezamiento o término embne
9 (RLIN) 9867
830 0# - PUNTO DE ACCESO ADICIONAL DE SERIE-TÍTULO UNIFORME
Título uniforme Lecciones de antropología ;
Designación de volumen o secuencia 3
9 (RLIN) 187646
852 ## - LOCALIZACIÓN
Ubicación ES-MaACL
Número de control de estantería B-7288
Nota libre -- Enc. pasta española
-- -- Dedicatoria ms. del autor al Ateneo de Madrid
Holdings
Estatus retirado Estado de pérdida Fuente del sistema de clasificación o colocación Estado de daño No para préstamo Colección Biblioteca de origen Biblioteca actual Ubicación en estantería Fecha de adquisición Total de préstamos Signatura topográfica completa Código de barras Visto por última vez Precio de reemplazo Tipo de ítem Koha Nota pública
    Clasificación decimal universal     Libros con dedicatorias Biblioteca del Ateneo de Madrid Biblioteca del Ateneo de Madrid Sala Pardo Bazán 17/01/2008   B-7288 1162781 23/02/2023 23/02/2023 Libro impreso antiguo Dedicatoria autógrafa del autor